History of the M.A.O. College Aligarh (Record no. 8555)

MARC details
000 -LEADER
fixed length control field 00654nam a2200265 a 4500
020 ## - INTERNATIONAL STANDARD BOOK NUMBER
ISBN
082 00 - DEWEY DECIMAL CLASSIFICATION NUMBER
Classification number 297.8
Author Cutter BHA1
100 ## - MAIN ENTRY--AUTHOR NAME
Author name Bhatnagar, S K
245 ## - TITLE STATEMENT
Title History of the M.A.O. College Aligarh
260 ## - PUBLICATION, DISTRIBUTION, ETC. (IMPRINT)
Place of publication New Delhi
Name of publisher Caslon Press
Year of publication 1969
300 ## - PHYSICAL DESCRIPTION
Number of Pages 373p
500 ## - GENERAL NOTE
General note includes index and biblioraphy
505 2# - FORMATTED CONTENTS NOTE
Formatted contents note Index
650 ## - SUBJECT ADDED ENTRY--TOPICAL TERM
Topical Term Aligarh-Muslims
650 ## - SUBJECT ADDED ENTRY--TOPICAL TERM
Topical Term Aligarh Muslim University
650 ## - SUBJECT ADDED ENTRY--TOPICAL TERM
Topical Term Islamic-Education
942 ## - ADDED ENTRY ELEMENTS (KOHA)
Koha item type Books
700 1# -
-- Bhatnagar, S K
Holdings
Home library Current library Date acquired Cost, normal purchase price Full call number Accession Number Koha item type
Henry Martyn Institute Library Henry Martyn Institute Library 07/13/2007 35.00 297.8 BHA1 013531 E-Books
                   Copyright © 2026 | Henry Martyn Institute | Hyderabad | TS-500052 | INDIA | Implemented by hmi.edu.in
Hit-Count:

Powered by Koha